=LDR 00000nam 2200000 4500 =001 INLIS000000000006257 =005 20251106094122 =035 ##$$a 0010-1125000131 =007 ta =008 251106###########################0#ind## =082 ##$$a 311.309 =084 ##$$a 311.309 BAD p =100 #$$a Badan Koordinasi Keluarga Berencana Nasional =245 1#$$a Pokok Pokok Pendataan dan Pemetaan Keluarga Sejahtera /$c Badan Koordinasi Keluarga Berencana Nasional =260 ##$:$b Badan Koordinasi Keluarga Berencana Nasional =300 ##$$a 13 Hal : $b Ilus ; $c 21 =650 #4$$a Keluarga Berencana =856 ##$$a Perpustakaan Kemendukbangga